Nanoscopic Materials (Record no. 20049)
[ view plain ]
| 000 -LEADER | |
|---|---|
| fixed length control field | 00345nam a2200169Ia 4500 |
| 082 ## - DEWEY DECIMAL CLASSIFICATION NUMBER | |
| Classification number | 658.577/ROD |
| Item number | ROD |
| 100 ## - MAIN ENTRY--PERSONAL NAME | |
| Personal name | Roduner/Emil |
| 245 ## - TITLE STATEMENT | |
| Title | Nanoscopic Materials |
| 260 ## - PUBLICATION, DISTRIBUTION, ETC. | |
| Name of publisher, distributor, etc. | RSC Publishing |
| Date of publication, distribution, etc. | 2006 |
| 366 ## - TRADE AVAILABILITY INFORMATION | |
| Publishers's discount category | 10 |
| 300 ## - PHYSICAL DESCRIPTION | |
| Extent | 285 |
| 546 ## - LANGUAGE NOTE | |
| Language note | ENGLISH |
| 650 ## - SUBJECT ADDED ENTRY--TOPICAL TERM | |
| Topical term or geographic name entry element | Chemistry |
| 654 ## - SUBJECT ADDED ENTRY--FACETED TOPICAL TERMS | |
| Focus term | nanoscopic |
| 942 ## - ADDED ENTRY ELEMENTS (KOHA) | |
| Koha item type | Reference Book |
| Withdrawn status | Lost status | Damaged status | Not for loan | Collection | Home library | Current library | Date acquired | Source of acquisition | Cost, normal purchase price | Inventory number | Total Checkouts | Full call number | Barcode | Date last seen | Cost, replacement price | Price effective from | Koha item type |
|---|---|---|---|---|---|---|---|---|---|---|---|---|---|---|---|---|---|
| CRC | Fr. Agnel's C.Rodrigues College of Engineering | Fr. Agnel's C.Rodrigues College of Engineering | 17/03/2023 | Chemtech Books | 2799.49 | 110 dt 30/07/2008 | 658.577/ROD ROD | 18876 | 17/03/2023 | 3110.55 | Reference Book |